000 00467nam a2200121Ia 4500
008 160712s9999 xx 000 0 und d
100 _aJopson, Teresa Lorena A.
245 _cTeresa Lorena A. Jopson
_aSilent Assault: Multilevel Censorship as Media Repression in the Philippines
260 _c2013
_bPhilippine Social Sciences Review
300 _avol. 65 no. 2
650 _xSOCIAL SCIENCE
856 _uhttp://journals.upd.edu.ph/index.php/pssr/issue/view/444/showToc
999 _c297381
_d297381